| 000 | 01614nam a22003614i 4500 | ||
|---|---|---|---|
| 999 |
_c64399 _d64399 |
||
| 001 | Rebiun07051815 | ||
| 003 | CO-MdFUSB | ||
| 005 | 20180822083242.0 | ||
| 008 | 120109s1979 sp 000 0 spa d | ||
| 017 | _aD.L. B 19876-1979 (Vol. 1) | ||
| 020 | _a8425406099 (Vol. 1) | ||
| 040 |
_aBUC _bspa _cCO-MdFUSB _dCO-MdFUSBC _erda |
||
| 041 |
_aspa _hger |
||
| 080 | _a27-27 | ||
| 082 |
_223 _a226.407 _bST873 |
||
| 100 | 1 |
_aStoger, Alois _eautor |
|
| 240 | _aGeistliche Schriftlesung : Das Evangelium nas Lukas | ||
| 245 | 1 | 3 |
_aEl Evangelio según san Lucas _c/ Alois Stöger ; traductor Alejandro Esteban Lator Ros |
| 250 | _a3 edición | ||
| 264 | 1 |
_aBarcelona, España : _bHerder, _c℗1979 |
|
| 264 | 4 | _c©1970 | |
| 300 |
_a1 volumen ; _c20 cm |
||
| 336 |
_2rdacontent _atexto _btxt |
||
| 337 |
_2rdamedia _asin mediación _bn |
||
| 338 |
_2rdacarrier _avolumen _bnc |
||
| 490 | 0 | _aEl Nuevo Testamento y su mensaje : comentario para la lectura espiritual ; | |
| 505 |
_gl. _tParte primera: el comienzo de la salvación: _al. La promesa (1,5-56) -- II. Nacimiento e infancia (1,57-2,52) -- lll. Preparación a la actividad pública de Jesús (3,1-4,13) |
||
| 505 |
_gll. _tParte segunda: Actividad de Jesús en Galilea: _al. Comienzos de la predicación (4,14-6,16) -- ll. Profeta poderoso en palabra y en obras (6,20-8,3) -- lll. Más que profeta (8,9-9,17) -- lV. El mesías sufriente (9,18-50) |
||
| 505 |
_glll. _tParte tercera: camino de Jerusalén: _al. El comienzo: (9,51-13,21) |
||
| 563 | _aTapa rústica | ||
| 700 | 1 |
_aLator Ros, Alejandro Esteban, _etraductor |
|
| 942 | _cBK | ||